Variabilita finančných výsledkov vybraných odvetví a jej závislosť od vývoja makroekonomických ukazovateľov diplomová práca

Guardado en:
Detalles Bibliográficos
Autor principal: Jasovská, Tatiana
Autor Corporativo: Fakulta podnikového manažmentu EU. Katedra podnikových financií
Otros Autores: Tóthová, Alena, 1968-
Formato: Libro
Lenguaje:eslovaco
Publicado: Bratislava 2021
Etiquetas: Agregar Etiqueta
Sin Etiquetas, Sea el primero en etiquetar este registro!

MARC

LEADER 00000nbm a2200000 4500
001 0275461
005 20211129123403.2
041 0 |a slo 
044 |a SK 
245 1 0 |a Variabilita finančných výsledkov vybraných odvetví a jej závislosť od vývoja makroekonomických ukazovateľov  |b diplomová práca  |c Tatiana Jasovská ; školiteľ: Alena Tóthová 
264 1 |a Bratislava  |c 2021 
300 |a 61 s. 
100 1 |a Jasovská, Tatiana 
700 1 |a Tóthová, Alena, 1968- 
710 2 |a Fakulta podnikového manažmentu EU. Katedra podnikových financií